000
003260000a22001450004500
003
MACL
040
_a
MACL
090
_c
8926
_d
8925
100
_a
Singh, C Praveen
245
_a
E-Libraries in Computer Age
260
_b
Alfa Publication
_c
2008
350
_a
720
650
_a
Library & Information Science
942
_c
BOOK
_k
020
999
_c
8871
_d
8871